Countries that have hosted the Baseball World Cup - Statistics

General Stats
  • This quiz has been taken 49 times
  • The average score is 10 of 15
Answer Stats
Continent Country % Correct
North America United States of America
97%
North America Canada
91%
North America Mexico
91%
North America Cuba
83%
Asia Japan
83%
Europe United Kingdom
77%
South America Venezuela
71%
Asia South Korea
69%
North America Panama
66%
South America Colombia
60%
Europe Italy
54%
North America Nicaragua
46%
Asia Taiwan
46%
Europe the Netherlands
43%
North America Costa Rica
40%
No matching quizzes found
Score Distribution
Percent of People with Each Score
Percentile by Number Answered
Your Score History
You have not taken this quiz